000 01287nam a2200301 i 4500
001 bg
245 0 0 _aWęgiel aktywny w ochronie środowiska i przemyśle :
_bkonferencja naukowo-techniczna, Częstochowa-Ustroń 2-4 czerwca 2004 r. /
_cpod red. Zygmunta Dębowskiego ; organizatorzy konferencji Instytut Inżynierii Środowiska. Wydział Inżynierii i Ochrony Środowiska Politechniki Częstochowskiej, Gryfskand w Gryfinie.
260 _aCzęstochowa :
_bWydawnictwa PC,
_c2004.
300 _a448 s., [1] k. tabl. luz. :
_bfot., rys., wykr. ;
_c24 cm.
490 1 _aKonferencje / Politechnika Częstochowska,
_x1234-9895 ;
_v53
500 _aStreszcz. ang. przy ref.
504 _aBibliogr. przy ref.
650 9 _aAdsorpcja
650 9 _aOchrona środowiska
650 9 _aUzdatnianie wody
650 9 _aWęgiel aktywny
_xstosowanie
655 _aMateriały konferencyjne
700 1 _aDĘBOWSKI, Zygmunt.
_eRed.
710 0 _aPolitechnika Częstochowska
_bWydział Inżynierii i Ochrony Środowiska
830 0 _aKonferencje (Politechnika Częstochowska) ;
_v53
020 _a8371932472
040 _cBPK
041 0 _apol
_beng
080 _a661.183.2:628.1:628.5:544.723](061)
920 _a83-7193-247-2
942 _cKS
008 s pl f |000 0 pol
999 _c45698
_d45698
856 _uhttp://koha.tu.koszalin.pl/cgi-bin/koha/opac-detail.pl?biblionumber=45698
_yKatalog online BPK